[Event "ISR-ch"]
[Site "Tiberias"]
[Date "2016.12.08"]
[Round "4"]
[White "Drori, Saar"]
[Black "Roiz, Michael"]
[Result "1/2-1/2"]
[WhiteElo "2318"]
[BlackElo "2608"]
[Annotator "Roiz,M"]
[PlyCount "106"]
[EventDate "2016.12.05"]
[EventType "swiss"]
[EventRounds "9"]
[EventCountry "ISR"]
[SourceTitle "CBM 176"]
[Source "ChessBase"]
[SourceDate "2017.01.17"]
[SourceVersion "1"]
[SourceVersionDate "2017.01.17"]
[SourceQuality "1"]

1. e4 e5 2. Nf3 Nc6 3. Bc4 Bc5 4. c3 Nf6 5. d3 a6 6. a4 {The setup with
White's pawn on a4 is becoming extremely popular.} d6 7. O-O O-O {The latest
fashion.} ({Both} 7... h6) ({and} 7... Ba7 {have been tested many times on the
highest level.}) 8. Bg5 {The most aggressive choice - now, when Black's king
is on the k-side this pin is more dangerous.} (8. b4 Ba7 9. Re1 Ne7 10. Nbd2
Ng6 11. d4 c6 12. h3 {Carlsen,M (2853)-Karjakin,S (2772) New York USA 2016.
This led to a complex position, where Black's chances are not worse.}) 8... h6
9. Bh4 g5 ({In the following recent game Black didn't manage to solve the
problems after} 9... Qe7 10. Nbd2 Ba7 11. Kh1 Be6 12. Bd5 Nd8 13. d4 $36 {
Bacrot,E (2692)-Karpov,A (2628) Cap d'Agde FRA 2016}) 10. Bg3 ({The typical
piece sac doesn't work in this situation:} 10. Nxg5 $6 hxg5 11. Bxg5 Kg7 12.
Qf3 Rh8 13. Nd2 Kg6 14. h4 (14. Be3 $142 Qd7 $1 15. h3 Kg7 $17) 14... Bg4 15.
Bxf6 Qd7 16. Qg3 Kxf6 $19 {Caruana,F (2804)-Nakamura,H (2787) Paris FRA 2016})
10... Ba7 {It's vital to prevent White from pushing d3-d4.} (10... g4 {is too
risky:} 11. Bh4 $1 gxf3 12. Qxf3 Kg7 13. Nd2 Rg8 14. Rfe1 $40 {Schroeder,J 
(2507)-Fressinet,L (2677) Helsingor DEN 2016}) 11. Nbd2 ({Another standard
knight's route -} 11. Na3 $5 {has been checked out only once so far:} Ne7 12.
Nc2 Kg7 ({Perhaps,} 12... Ng6 $5 13. Ne3 c6 {was safer.}) 13. Kh1 Nh5 14. d4
$14 {So,W (2770)-Anand,V (2770) Leuven BEL 2016}) 11... Kg7 {Following the
recent game Van Foreest - Leko, where the higher-rated player was nicely
outplayed.} ({During the game, I also considered} 11... Nh7 $5 12. h3 h5 $132 {
, trying to save a tempo. Possibly, this is more precise.}) 12. Re1 Nh7 13. Nf1
$146 {A natural innovation. The knight is heading to e3, unlocking the d-file,
so the d3-d4 advance is again on the cards.} ({The above-mentioned high-level
encounter saw} 13. d4 g4 (13... h5 $5 14. h3 g4 15. Nh4 exd4 16. cxd4 Bxd4 17.
hxg4 hxg4 $132) 14. Nh4 exd4 15. cxd4 Bxd4 16. Nf1 $44 {Van Foreest,J (2615)
-Leko,P (2709) Douglas ENG 2016, White had a full compensation for a pawn.})
13... f5 $6 {For some reasons, this move was played without any thought...I
was convinced, that opening up the f-file should favour Black.} ({However, a
better way of handling the position was:} 13... h5 $1 14. h4 (14. h3 h4 15. Bh2
g4 16. hxg4 Bxg4 17. Ne3 Bxe3 18. Rxe3 Ng5 $15) 14... g4 15. N3d2 Ne7 16. Ne3
Ng6 $132 {The hanging h4-pawn is putting White under definite psychological
pressure.}) 14. exf5 Bxf5 15. d4 $1 exd4 ({Now it was too late for playing} 
15... h5 {, though refuting it is not a trivial task:} 16. h3 (16. h4 {is
weaker:} Bg4 $1 17. N1h2 gxh4 18. Bxh4 Qxh4 19. Nxh4 Bxd1 20. Raxd1 exd4 21.
Rd3 Ng5 22. Rg3 Kh6 23. Rxg5 Kxg5 24. N2f3+ Kh6 25. Re6+ Kg7 26. Rg6+ Kh8 27.
Rh6+ Kg7 28. Rg6+ $11) 16... h4 17. Bh2 g4 18. hxg4 Bxg4 19. Ne3 $1 Bxf3 20.
gxf3 exd4 21. Nd5 $1 dxc3 22. bxc3 Kh8 23. Re4 $36 {with a powerful initiative.
}) 16. Nxd4 Nxd4 17. cxd4 {Obviously, Black's rook does not have much of a job
along the -file, whereas the Kg7 is in big dangerf} Qd7 {One more inaccuracy,
that makes my position difficult.} (17... Bg6 {was safer:} 18. Bd3 Bxd3 19.
Qxd3 Qd7 20. Ne3 Rae8 $14) 18. Rc1 $6 {This move is not bad, but it gives
Black an important tempo for consolidating.} ({Instead, Saar had 2 promising
continuations:} 18. Ne3 $5 Be4 19. f3 Bg6 20. Bd3 Bxd3 21. Qxd3 Rae8 22. Rac1
$36) ({and} 18. Qb3 Bxd4 19. Ne3 $36) 18... Rae8 $6 {Returning the favour.} ({
Black should have improved the placement of his knight:} 18... Nf6 $1 19. Ne3
Rae8 20. Qb3 Be4 21. f3 Bc6 $132) 19. Ne3 ({A more energetic try would be:} 19.
Qb3 $1 Bb6 (19... Bxd4 20. Qxb7 Rxe1 21. Rxe1 Kh8 22. Ne3 $16) 20. Ne3 Be4 21.
f3 Bc6 22. Qc3 Bxa4 23. Nd5 Ba7 24. Kh1 $36 {and Black suffers from a lack of
harmony in his camp.}) 19... Be4 20. Bb3 {Frankly speaking, I completely
missed the main idea behind this move.} ({Possibly, the more consistent} 20. f3
$5 Bg6 21. Bf2 {would be stronger.}) 20... Nf6 21. a5 $1 Re7 {At this moment I
wasn't intending to touch my c7-pawn.} ({However,} 21... c6 $1 22. Nc4 d5 23.
Ne5 (23. Nb6 Qd8 24. Be5 Bb8 $132) 23... Qf5 24. h3 Nd7 25. Nxd7 Qxd7 26. Rc3
Qf7 27. f3 Bg6 28. Rce3 Rxe3 29. Rxe3 Re8 $11 {would enable Black to simplify
matters and solve the problems.}) 22. Ba4 c6 ({Of course, making a move like} 
22... Qd8 {isn't much fun. Indeed, the position after} 23. Bc2 c6 24. f3 Bxc2
25. Rxc2 $14 {the knight is heading to f5.}) 23. Nc4 Bb8 $2 {An awful decision
- after this move Black is doomed to a passive defence.} ({It was necessary to
leave the h2-b8 diagonal unlocked:} 23... d5 24. Nb6 Bxb6 25. axb6 g4 26. Rc3
Ref7 27. Be5 Kh7 28. Rg3 Rg8 29. f3 gxf3 30. gxf3 Bf5 31. Bc2 $14 {White is
better, but the play is quite complex.}) 24. Nb6 $1 Qd8 25. f3 Bg6 ({After} 
25... Bd5 26. Qd3 Rxe1+ 27. Rxe1 Re8 28. Nxd5 Rxe1+ 29. Bxe1 Nxd5 30. Bc2 Qg8
31. Qg6+ Kf8 32. Qxh6+ Qg7 33. Qxg7+ Kxg7 34. Bb3 {White should be able to
convert the extra pawn into a full point.}) (25... Bf5 {wasn't better either:}
26. d5 c5 27. Bf2 Rff7 28. b4 $1 cxb4 29. Bd4 $18) 26. d5 $1 {Of course, White
is happy to seize more space and squeeze Black's pieces.} c5 (26... Nxd5 27.
Nxd5 cxd5 28. Rxe7+ Qxe7 29. Bf2 $1 Kh7 30. Qxd5 {also would yield White a
decisive positional advantage.}) 27. Rxe7+ ({An even stronger move was} 27. b4
$1 Nh5 28. Qd2 Nxg3 29. hxg3 cxb4 30. Re6 $18) 27... Qxe7 28. Qd2 Bc7 {White's
position is winning, but Saar was under strong time pressure, so I was still
optimistic.} 29. Qc3 {The first step in the wrong direction.} (29. b4 $1 cxb4
30. Bf2 Kg8 31. Bd4 $18 {would offer White full domination.}) 29... Kh7 30. Re1
Qf7 31. Bb3 $6 {Spoiling the significant part of his advantage.} ({After} 31.
Re6 $1 g4 32. fxg4 Nxg4 33. Qf3 Qxf3 34. gxf3 Ne5 35. Bxe5 dxe5 36. d6 {
the d-pawn should secure a win.}) 31... Bf5 32. Bc4 $2 (32. Bc2 $142 $1 Bxc2
33. Qxc2+ Kg7 34. Nc4 $16) 32... Re8 {Only now is my position becoming
playable - though the strategic problems (poor Bc7) are not fully solved yet.}
33. Rxe8 Nxe8 34. Qe3 (34. b4 cxb4 35. Qxb4 Qg7 36. h3 $14) 34... Nf6 35. h4 g4
{Black is aiming to complicate matters.} ({Objectively, a better move was} 
35... Qe8 36. Qxe8 Nxe8 37. hxg5 hxg5 38. Bh2 Nf6 39. g4 Bg6 {, though after}
40. Kf2 {White's position is absolutely safe.}) 36. fxg4 (36. Be2 $1 {was
stronger:} gxf3 37. Bxf3 Qg7 38. Kh2 Ng4+ 39. Bxg4 Qxg4 40. Qe8 $14) 36... Nxg4
37. Qf3 Qg6 38. Na8 $4 {A nervous decision - Saar was hoping to repeat moves
and cross the time control.} ({White should have played} 38. Nc8 Qf6 (38... Be4
$2 39. h5 $1 Qf5 40. Qxf5+ Bxf5 41. Nxd6 $18) 39. Nxd6 Bxd6 40. Bxd6 Qd4+ 41.
Kh1 Ne3 {The activity of the pieces should secure a draw.}) 38... Bd8 $6 ({
Somewhow, I completely missed} 38... Bxa5 39. Bxd6 Ne3 $1 {, exchanging the
powerful Bd6 and leaving White with a poor knight:} 40. Qxe3 Qxd6 41. Bd3 Bxd3
42. Qxd3+ Kg7 43. Qe4 b5 $19) 39. Bxd6 Bf6 $2 {Spoiling the lion's share of
the advantage!} ({I can hardly explain why I rejected the obvious} 39... Bxh4
40. Bxc5 Be4 $1 ({Compared to the game, now} 40... Ne5 41. Qe2 Nxc4 42. Qxc4
Be4 {also would offer Black a stable advantage, but it's still weaker}) 41. Qh3
Qg5 $1 {, developing a decisive attack:} 42. b4 h5 43. Bf1 Kg6 {No hurry!} 44.
g3 Ne5 $19 {and White is helpless.}) 40. Bxc5 Ne5 41. Qf4 Nxc4 42. Qxc4 Be4 {
This was my idea - the d5-pawn falls. However, White still manages to keep
another extra pawn!} 43. Qe2 Bxd5 {Even though White is a pawn up, Black's
position is completely safe now.} 44. Nb6 ({A simpler way was} 44. Nc7 Bc6 45.
Ne6 Qb1+ 46. Kh2 Qf5 47. Bd6 Bxh4 48. Nf4 Bf6 49. b4 $11 {, and Black cannot
make any progress.}) 44... Bc6 45. h5 $1 {Not only avoiding the loss of a pawn,
but also putting Black's king under some pressure.} Qb1+ 46. Kh2 Qf5 (46...
Qxb2 47. Qxb2 Bxb2 48. Bb4 {is just a dead draw.}) 47. Bd6 $5 {White is ready
to give up the a5-pawn in order to consolidate.} ({I was expecting} 47. b4 Be5+
48. Kg1 Qb1+ 49. Kf2 Bf6 50. Nc4 {, and it looks like White should be OK.})
47... Qxa5 48. Nc4 {Finally the knight is back in the game.} Qf5 49. Bg3 $6 {
Inviting new troubles.} ({More to the point was} 49. Be5 Bxe5+ 50. Qxe5 Qxe5+
51. Nxe5 Bd5 52. g4 Kg7 53. Kg3 Kf6 54. Kf4 $11) 49... Bg7 $6 {Returning the
favour.} (49... Bb5 {was much stronger:} 50. b3 Bg7 $15) 50. Nd6 ({Missing
another opportunity of exchanging the bishops:} 50. Be5 $1 $11) 50... Qd5 51.
Ne8 $2 {A blunder.} ({After} 51. Bf4 $1 Ba4 52. Qg4 Bc2 53. b4 $11 {White
would have enough counter-play.}) 51... Bd4 $2 {Alas, this was played rapidly..
.} ({Instead,} 51... Bb5 $1 52. Qc2+ Bd3 {would allow Black to grab the Ph5
and win the game:} 53. Qc8 Qxh5+ 54. Kg1 Bd4+ 55. Bf2 Bxf2+ 56. Kxf2 Qf7+ 57.
Ke3 Bg6 $19) 52. Nd6 a5 (52... Bf6 $5 {was the best practical chance, but had
Saar played} 53. Bf4 Bg5 54. Qc2+ {it would still end in a draw.}) 53. Qd3+ Kh8
({A draw was agreed in view of} 53... Kh8 54. Nf7+ $1 Qxf7 55. Qxd4+ Kh7 $11)
1/2-1/2

[Event "Palma de Mallorca FIDE GP"]
[Site "Palma de Mallorca"]
[Date "2017.11.25"]
[Round "9"]
[White "Vachier Lagrave, Maxime"]
[Black "Jakovenko, Dmitrij"]
[Result "0-1"]
[WhiteElo "2796"]
[BlackElo "2721"]
[Annotator "Roiz,M"]
[PlyCount "88"]
[EventDate "2017.11.16"]
[EventType "swiss"]
[EventRounds "9"]
[EventCountry "ESP"]
[SourceTitle "CBM 182"]
[Source "ChessBase"]
[SourceDate "2018.01.17"]
[SourceVersion "1"]
[SourceVersionDate "2018.01.17"]
[SourceQuality "1"]

{Since Maxime's only chance to qualify for the Candidates tournament was
winning the game, he definitely had to go all in!} 1. e4 e5 2. Nf3 Nc6 3. Bc4
Bc5 4. c3 Nf6 5. d3 a6 6. O-O d6 7. a4 Ba7 8. Re1 O-O 9. h3 h6 10. Nbd2 Re8 11.
b4 {Both players have some experience in this fashionable line.} Ne7 $5 {
Quite a rare move, though Ne7-g6 is a usual route for the knight in the
Italian.} (11... Be6 {is what Dmitry has employed earlier:} 12. Bxe6 Rxe6 13.
Qc2 {Most probably, Dmitry wasn't fully satisfied with Black's recent
performance in this position. Indeed, White mostly manages to make some
progress on the q-side:} (13. Nf1 Ne7 14. Ng3 Ng6 15. d4 Qd7 16. d5 Ree8 17. a5
c6 $132 {Vachier Lagrave,M - Carlsen,M Paris FRA 2017}) 13... Nh5 (13... Qd7
14. Nf1 Ne7 15. Ng3 Ng6 16. c4 Rae8 17. a5 c6 18. Be3 $14 {Karjakin,S -
Mamedyarov,S Paris FRA 2017}) (13... Ne7 14. Nf1 Ng6 15. c4 a5 16. bxa5 Ne7 17.
Rb1 $14 {Karjakin,S - Carlsen,M Paris FRA 2017}) 14. Nf1 Qf6 15. N1h2 Ree8 16.
Ng4 Qe6 17. Rb1 $14 {Grischuk,A - Jakovenko,D Novosibirsk RUS 2016}) 12. Qb3
Rf8 13. d4 exd4 $1 {GM Jakovenko is deciding to release the tension in the
centre.} ({In the event of} 13... Ng6 14. a5 c6 (14... Nh5 15. Nf1 c6 16. Be3
Nhf4 17. Ng3 $14) 15. dxe5 dxe5 16. Nf1 Qc7 17. Ng3 {White's positon is
somewhat preferable, but Black is very solid.}) 14. cxd4 $146 (14. Nxd4 Bxd4 (
14... Bd7 $11) 15. cxd4 d5 16. exd5 Nexd5 17. Ne4 Nb6 $11 {Zavoronkov,V -
Zjukin,S Tallinn EST 1996}) 14... d5 15. exd5 Nexd5 {The control over the
d5-spot fully compensates for the activity of White's pieces.} 16. b5 Be6 $6 {
This move is a serious concession - Black is left with a permanent structural
drawback.} ({More to the point was} 16... axb5 17. axb5 Be6 18. Ne4 Nxe4 19.
Rxe4 c6 {, and Black should be able to slowly neutralise the activity of
White's pieces:} 20. bxc6 bxc6 21. Ne5 Qf6 $1 22. Be3 Qf5 $1 23. f3 Rfc8 24.
Bf2 Rab8 25. Qa4 (25. Qc2 Bb6 $11) 25... Rc7 26. Nxc6 Nc3 27. Bxe6 fxe6 28. Qa6
Nxe4 29. fxe4 Qxe4 30. Nxb8 Bxb8 $11) 17. bxa6 bxa6 18. Ba3 Re8 19. Ne5 {
Now the activity of White's pieces is becoming threatening.} Nf4 {Naturally,
Black is aiming for simplifications.} 20. Ndf3 $1 ({Perhaps, Maxime correctly
rejects the tempting} 20. Nc6 Qd7 21. Qf3 Bxd4 22. Rad1 Bxc4 23. Nxc4 Rxe1+ 24.
Rxe1 Bxf2+ {The only move!} 25. Qxf2 Nxh3+ 26. gxh3 Qxc6 27. Qg2 $1 Qxg2+ 28.
Kxg2 Rd8 {and the limited material balance offers Black good drawing chances.})
20... Bxc4 21. Qxc4 Qd5 22. Qxd5 N6xd5 23. Nc6 {GM Jakovenko is defending very
well, but his position is still very unpleasant.} Rxe1+ ({Possibly, more
accurate was} 23... Re2 $5 24. Rxe2 Nxe2+ 25. Kf1 Nec3 26. a5 Nb5 $14 {and
Black manages to consolidate, although the poor Ba7 leaves the position
unpleasant.}) 24. Rxe1 a5 25. g3 Ng6 ({Of course, not} 25... Nxh3+ $2 26. Kg2
Ng5 27. Nxg5 hxg5 28. Re5 $18) 26. Nxa7 {It's a bit pity to exchange such a
strong Nc6, but this decision isn't bad.} (26. Nfe5 $5 Bb6 27. Nc4 $16) 26...
Rxa7 27. Re8+ Kh7 28. h4 {White's pieces are still firmly in control!} Rb7 {
Dmitry is desperately trying to develop any counterplay.} 29. Nd2 $6 {The
first step in the wrong direction.} ({A much stronger try was} 29. Bc5 $1 Rb3 (
29... Nc3 30. h5 Nh8 31. Ne5 $16) 30. Nd2 Rc3 (30... Rd3 31. Nc4 $16) 31. Rd8
$16 {and Black is doomed to passive defence.}) 29... Nc3 30. h5 Nh8 {The Nh8
looks ugly, but it can be easily improved!} 31. Nc4 Nxa4 $11 {The advantage is
gone.} 32. Ne5 (32. Nxa5 Rb5 33. Re5 c5 $1 {is absolutely safe for Black.})
32... Nb6 33. Bc5 a4 {The a-passer can be potentially dangerous, but White is
still OK due to his active pieces.} 34. d5 f6 35. Nc6 $6 {This move is already
inviting some troubles.} ({A better one was} 35. Bxb6 cxb6 (35... fxe5 36. Bc5
Rb5 37. Ba3 Rxd5 38. Re7 $11) 36. Nd3 Ra7 (36... b5 $2 37. Nc5 Rc7 38. Ne6 Rc1+
39. Kg2 Nf7 40. Nf8+ Kg8 41. Ng6+ Kh7 42. Rf8 Rc7 43. Rb8 $16) 37. Nf4 $1 a3
38. Ne6 Ng6 {The only way of avoiding the immediate draw} 39. hxg6+ Kxg6 40.
Nf4+ Kf7 41. Re1 b5 42. Ne6 b4 43. Nd4 a2 44. Ra1 $11 {and White is safe.})
35... Nd7 $6 {Dmitry returns the favour.} ({There was nothing wrong with
capturing the pawn:} 35... Nxd5 $142 36. Nd4 Nf7 37. Ra8 Rb1+ 38. Kg2 Rc1 39.
Ba3 Ra1 40. Rxa4 Ra2 $15 {and Black is a sound pawn up.}) 36. Bd4 Rb5 37. Nd8
$2 {Alas, GM Vachier Lagrave doesn't withstand the pressure.} ({After} 37. d6
$1 cxd6 38. Re7 Ne5 39. Bxe5 dxe5 40. Ra7 {the game would end in a draw.})
37... Rb8 $19 {This pin is decisive.} 38. Bb2 {Desperation.} Rxb2 39. Ne6 a3
40. Re7 Nf7 41. Rxf7 a2 42. Rxg7+ Kh8 43. Rxd7 a1=Q+ 44. Kg2 Qe1 {What a
dramatic end!} 0-1

[Event "London Classic 8th"]
[Site "London"]
[Date "2016.12.09"]
[Round "1"]
[White "Aronian, Levon"]
[Black "Adams, Michael"]
[Result "1-0"]
[WhiteElo "2785"]
[BlackElo "2748"]
[Annotator "Roiz,M"]
[PlyCount "81"]
[EventDate "2016.12.09"]
[EventType "tourn"]
[EventRounds "9"]
[EventCountry "ENG"]
[EventCategory "22"]
[SourceTitle "CBM 176"]
[Source "ChessBase"]
[SourceDate "2017.01.17"]
[SourceVersion "1"]
[SourceVersionDate "2017.01.17"]
[SourceQuality "1"]

1. e4 {Levon Aronian rarely starts the game with this move, but I guess,
Michael wasn't shocked and went for his usual opening.} e5 2. Nf3 Nc6 3. Bc4
Bc5 4. d3 Nf6 5. c3 d6 6. Bg5 {Quite a rare contiunation. In most cases,
pinning the f6-knight is more effective after short castling.} h6 7. Bh4 a6 8.
Nbd2 (8. a4 Ba7 9. O-O {can lead to a fashinable position which was recently
tested on the top level.}) 8... Ba7 9. Bb3 {White hardly can pose Black any
problems without seizing space on the queenside.} (9. a4 {, switching to the
above-mentioned theoretical position seems more challenging.}) 9... Qe7 $1 {
Michael is leaving the king in the centre for a while, keeping in mind the
opportunity of queenside castling.} ({But} 9... Be6 $6 {seems dubious:} 10.
Bxe6 fxe6 11. Qb3 $14 {Hristodoulou,H-Markidis,K (2275) Kavala 1999}) 10. Nc4
$146 ({The previously played} 10. Qe2 {can be well met by} Bd7 (10... Nd8 $6
11. d4 g5 12. dxe5 dxe5 13. Bg3 $36 {Al Modiahki,M (2571)-Nezad,H (2400) Abu
Dhabi 2013}) 11. Nc4 O-O-O 12. Ne3 g5 13. Bg3 Be6 {with comfortable play. It
would take a long time to activate the poor Bg3.}) 10... Be6 11. Ne3 g5 12. Bg3
O-O-O {Since White didn't push the q-side pawns, Black's monarch feels safe
now.} 13. Ba4 Nb8 $1 {One more excellent manoeuvre à la Breyer by GM Michael
Adams. Black's setup seems more harmonious now.} 14. Qc2 (14. b4 Nbd7 15. O-O
Nh5 $15) 14... Bxe3 ({Another possibility was} 14... Nbd7 15. Bb3 Bxe3 16. fxe3
Nh5 17. Bf2 f5 18. Bxe6 Qxe6 19. exf5 Qxf5 $15) 15. fxe3 Nh5 16. Bf2 f5 17.
exf5 Bxf5 18. Qe2 Bxd3 $6 {An untypical positional mistake by GM Michael Adams.
Perhaps, he was far from his best at the start of event.} (18... Rdf8 19. Nd2
Nf6 20. h3 Be6 $15 {Black would benefit from having the knights in the closed
position.}) 19. Qxd3 e4 20. Qd4 c5 {This is forced.} (20... exf3 $2 {runs into}
21. Qg4+ Nd7 22. Qxh5 fxg2 23. Rg1 $18) 21. Qd1 exf3 22. Qxf3 Nf6 23. Bc2 {
Obviously, now White's bishops are much stronger than a few moves ago.} Nbd7 {
Still, the control over e5-spot makes Black's position quite solid.} (23... Nc6
24. O-O-O Rhf8 25. Bg3 Kb8 26. Rhe1 Ne5 27. Qe2 d5 $132) 24. O-O-O (24. Bg3 $5
Rhf8 (24... Ne5 25. Qe2 Rhf8 26. O-O $14) 25. O-O-O Ne5 26. Qe2 Qe6 27. Rhf1
$14) 24... Ne5 25. Qe2 Qe6 {Possibly, Michael had underestimated White's
dynamic resourses.} ({Otherwise, he would have fixed the favourable pawn
structure:} 25... d5 26. Bg3 Ne4 27. Bxe4 dxe4 28. Bxe5 Qxe5 $11) 26. Bg3 $1 {
I guess, this strong move was underestimated by GM Adams. White gives up a
pawn in order to maintain the tension.} ({Instead, the natural} 26. Kb1 {
could have led to a drawish endgame:} Qg4 $1 27. Qxg4+ Nexg4 28. Bg3 Nxe3 29.
Rxd6 Rxd6 30. Bxd6 Nxc2 31. Kxc2 Ne4 $11) 26... Qxa2 27. Rhf1 (27. Bxe5 $5 dxe5
28. Qf3 Nd7 29. Bb1 Qa4 30. Rd2 {would offer White full compensation for a
pawn, at the very least.}) 27... Nd5 28. Bxe5 dxe5 29. Bb1 Qb3 30. Bc2 Qa2 31.
Qg4+ {Levon sensibly doesn't repeat the moves.} Kb8 {The position is still
equal, but Black had to find some precise moves while under time pressure.} 32.
Qe4 Nb6 (32... Ka7 33. Rf7 Qa1+ 34. Bb1 Rhf8 $1 35. Rxd5 (35. Rxf8 Nxc3 $1 36.
bxc3 Qxc3+ 37. Bc2 Qa1+ 38. Bb1 Qc3+ $11) 35... Rxf7 36. Rxd8 Rf1+ 37. Rd1 Rf2
38. Rd2 Rf1+ $11) 33. Qxe5+ Ka8 $4 {As a result, Michael commits a blunder and
loses on the spot.} ({Instead,} 33... Ka7 34. Qxc5 Qa1+ 35. Bb1 Rxd1+ 36. Rxd1
Rc8 {would leave White nothing better than accepting a draw:} 37. Qd4 Rc4 38.
Qd6 Rc6 $11) 34. Rxd8+ Rxd8 35. Qf6 {That's it! The rest is just an agony.} (
35. Qc7 $18) 35... Nc4 36. Qxd8+ Ka7 37. Qd3 Nxb2 (37... Qxb2+ 38. Kd1 Ne5 39.
Qd5 Qxc3 40. Rf5 $18) 38. Qf5 Qa1+ 39. Kd2 Nc4+ 40. Ke2 Qxc3 41. Qxc5+ 1-0